Journal of food process engineering.
Guardado en:
| Formato: | Revista |
|---|---|
| Idioma: | English |
| Publicado: |
Westport, Conn :
Food & Nutrition Press.,
1977- .
|
| Materias: | |
| Acceso en línea: | Resumenes Resumenes |
| Etiquetas: |
Agregar Etiqueta
Sin Etiquetas, Sea el primero en etiquetar este registro!
|
| LEADER | 00901nas a2200241 4500 | ||
|---|---|---|---|
| 001 | CARPC.003269 | ||
| 005 | 20080606161601.0 | ||
| 008 | 040203c19779999xxuu|#p#######0###a0eng|| | ||
| 022 | |a 0145-8876 | ||
| 210 | 0 | |a J. food process eng | |
| 245 | 0 | 0 | |a Journal of food process engineering. |
| 246 | 3 | |a Food and Nutrition Press journal of food process engineeringFNP journal of food process engineering | |
| 260 | |a Westport, Conn : |b Food & Nutrition Press., |c 1977- . | ||
| 310 | |a Desconocida. | ||
| 362 | 0 | |a Vol. 1(1977)- . | |
| 500 | |a 2002, 2005, 2006 Donado por el Dr. Jorge Lozano | ||
| 510 | 0 | |a Chemical abstracts | |
| 653 | |a Alimentos | ||
| 653 | |a Industria de la alimentacion | ||
| 653 | |a Analisis | ||
| 856 | 4 | |3 Resumenes |u http://www.foodscipress.com/ | |
| 856 | 0 | |3 Resumenes |u mailto:foodpress@worldnet.att.net | |
| 866 | |9 EIQ |a 1991-2001 14-24; 2003-2005 26-28; 2006 29(1-4,6); 2007 30(3-4); 2008 31(4) | ||
